| 000 | 00000cam 2200000zi 4500 |
| 001 | 9.963030 |
| 003 | CaOODSP |
| 005 | 20260525102838 |
| 006 | m o d f |
| 007 | cr mn||||||||| |
| 008 | 260525e195004##bccad of f000 0 eng d |
| 040 | |aCaOODSP|beng|erda|cCaOODSP |
| 043 | |an-cn--- |
| 086 | 1 |aFs52-3/403E-PDF |
| 100 | 1 |aTully, John P. |q(John Patrick), |d1906- |eeditor. |
| 245 | 10|aManual of oceanographic methods / |ceditor John P. Tully. |
| 264 | 1|aNanaimo, B.C. : |bFisheries Research Board of Canada, Canadian Joint Committee on Oceanography : |bPacific Oceanographic Group, |cApril, 1950. |
| 300 | |a1 online resource (1 volume (various pagings)) : |billustrations, graphs. |
| 336 | |atext|btxt|2rdacontent |
| 337 | |acomputer|bc|2rdamedia |
| 338 | |aonline resource|bcr|2rdacarrier |
| 490 | 1 |aManuscript reports of the biological stations ; |vno. 403 |
| 500 | |a"1950-51"--Cover. |
| 500 | |aDigitized edition from print [produced by Department of Fisheries and Oceans]. |
| 520 | |a"This volume is presented in partial fulfillment of the requirement for a collection of seaworthy oceanographic methods, which was voiced at the Seventh Pacific Science Congress. To date oceanographic methods have been buried in personal handbooks, and class instructions in the several oceanographic institutions, and are not readily available to the oceanographic world"--Foreword. |
| 650 | 0|aOceanography|zCanada|vHandbooks, manuals, etc. |
| 650 | 0|aWater temperature|xMeasurement|xInstruments|vHandbooks, manuals, etc. |
| 650 | 0|aColorimetric analysis|vHandbooks, manuals, etc. |
| 650 | 6|aOcéanographie|zCanada|vGuides, manuels, etc. |
| 650 | 6|aEau|xTempérature|xMesure|xInstruments|vGuides, manuels, etc. |
| 650 | 6|aAnalyse colorimétrique|vGuides, manuels, etc. |
| 655 | 7|aHandbooks and manuals|2lcgft |
| 655 | 7|aGuides et manuels|2rvmgf |
| 710 | 2 |aFisheries Research Board of Canada. |bJoint Committee on Oceanography, |eissuing body. |
| 710 | 2 |aPacific Oceanographic Group (Canada), |eissuing body. |
| 830 | #0|aManuscript reports of the biological stations ;|vno. 403.|w(CaOODSP)9.899091 |
| 856 | 40|qPDF|s3.29 MB|uhttps://publications.gc.ca/collections/collection_2026/mpo-dfo/fs52-3/Fs52-3-403-eng.pdf |